INTERMEDIATE ACCOUNTING (Record no. 33939)

MARC details
000 -LEADER
fixed length control field 00352nam a22001577a 4500
003 - CONTROL NUMBER IDENTIFIER
control field OSt
005 - DATE AND TIME OF LATEST TRANSACTION
control field 20220330113806.0
008 - FIXED-LENGTH DATA ELEMENTS--GENERAL INFORMATION
fixed length control field 220330b |||||||| |||| 00| 0 eng d
020 ## - INTERNATIONAL STANDARD BOOK NUMBER
Terms of availability 0324020600
040 ## - CATALOGING SOURCE
Transcribing agency H U
082 ## - DEWEY DECIMAL CLASSIFICATION NUMBER
Classification number 657.044
100 ## - MAIN ENTRY--PERSONAL NAME
Personal name SKOUSEN.K.FRED
9 (RLIN) 34638
245 ## - TITLE STATEMENT
Title INTERMEDIATE ACCOUNTING
300 ## - PHYSICAL DESCRIPTION
Extent 378
942 ## - ADDED ENTRY ELEMENTS (KOHA)
Source of classification or shelving scheme Dewey Decimal Classification
Koha item type Books like text book referance book
Suppress in OPAC No
Holdings
Withdrawn status Lost status Source of classification or shelving scheme Damaged status Not for loan Home library Current library Shelving location Date acquired Total Checkouts Full call number Barcode Date last seen Copy number Price effective from Koha item type
    Dewey Decimal Classification     College of Business and Economics Library College of Business and Economics Library General Stacks 03/30/2022   657.044/SKO MBELIB00007145 03/30/2022 6 03/30/2022 Books like text book referance book
    Dewey Decimal Classification     College of Business and Economics Library College of Business and Economics Library General Stacks 03/30/2022   657.044/SKO MBELIB00007141 03/30/2022 9 03/30/2022 Books like text book referance book